000 00586nam a2200229Ia 4500
003 OSt
005 20220924152143.0
006 a|||||r|||| 00| 0
007 ta
008 220923b |||||||| |||| 00| 0 mar d
024 _a341215
037 _cTextual
040 _aARTS
_cARTS
_bmar
041 _2mar
_amar
082 _aO155,2NNAG,2, J0
100 _aJoshi Nagesh Au.
_9225982
245 0 _aFulpakhare
260 _c1950
650 _aMARATHI LITERATURE
_938000
942 _hO155,2NNAG,2, J0
_cTEXL
_2CC
999 _c468924
_d468924